000 00535nam a2200229Ia 4500
003 OSt
005 20221005121434.0
006 a|||||r|||| 00| 0
007 ta
008 221004b |||||||| |||| 00| 0 eng d
024 _a28807
037 _cTextual
040 _aCRL
_cCRL
_beng
041 _2eng
_aeng
082 _aO13,2C58,1, (J0)
245 0 _aHelen
260 _c1950
300 _a1236p.
_ccm.
650 _aGREEK DRAMA
_9585427
942 _hO13,2C58,1, (J0)
_cTEXL
_2cc
999 _c1041157
_d1041157